Vertebrates, a laboratory text / (Record no. 5074)
[ view plain ]
| 000 -LEADER | |
|---|---|
| fixed length control field | 01090pam a2200289 a 4500 |
| 001 - ACCESSION NUMBER | |
| control field | 8053 |
| 003 - CONTROL NUMBER IDENTIFIER | |
| control field | OSt |
| 005 - DATE AND TIME OF LATEST TRANSACTION | |
| control field | 20160211144006.0 |
| 008 - FIXED-LENGTH DATA ELEMENTS--GENERAL INFORMATION | |
| fixed length control field | 811008s1981 cauaf b 001 0 eng |
| 020 ## - INTERNATIONAL STANDARD BOOK NUMBER | |
| International Standard Book Number | 0865760152 (pbk.) : |
| Terms of availability | $13.95 |
| 040 ## - CATALOGING SOURCE | |
| Original cataloging agency | DLC |
| Transcribing agency | DLC |
| Modifying agency | DLC |
| 050 10 - LIBRARY OF CONGRESS CALL NUMBER | |
| Classification number | QL812 |
| Item number | .V47 1981 |
| 082 00 - DEWEY DECIMAL CLASSIFICATION NUMBER | |
| Classification number | 596.04 |
| Edition number | 19 |
| 245 00 - TITLE STATEMENT | |
| Title | Vertebrates, a laboratory text / |
| Statement of responsibility, etc. | editors, Norman K. Wessells, Elizabeth M. Center ; illustrator, Nina Shapley ; authors, Henry B. Kistler, Jr. ... [et al.] ; with a section on the mudpuppy by Carl Gans and Ronald A. Nussbaum. |
| 250 ## - EDITION STATEMENT | |
| Edition statement | 2nd ed. |
| 260 ## - PUBLICATION, DISTRIBUTION, ETC. (IMPRINT) | |
| Place of publication, distribution, etc. | Los Altos, Calif. : |
| Name of publisher, distributor, etc. | W. Kaufmann, |
| Date of publication, distribution, etc. | c1981. |
| 300 ## - PHYSICAL DESCRIPTION | |
| Extent | vi, 259 p., [10] leaves of plates : |
| Other physical details | ill. (some col.) ; |
| Dimensions | 28 cm. |
| 500 ## - GENERAL NOTE | |
| General note | Includes index. |
| 504 ## - BIBLIOGRAPHY, ETC. NOTE | |
| Bibliography, etc | Bibliography: p. 239-241. |
| 650 #0 - SUBJECT ADDED ENTRY--TOPICAL TERM | |
| Topical term or geographic name as entry element | Vertebrates |
| General subdivision | Anatomy |
| -- | Laboratory manuals. |
| 650 #0 - SUBJECT ADDED ENTRY--TOPICAL TERM | |
| Topical term or geographic name as entry element | Vertebrates |
| General subdivision | Physiology |
| -- | Laboratory manuals. |
| 700 1# - ADDED ENTRY--PERSONAL NAME | |
| Personal name | Wessells, Norman K. |
| 700 1# - ADDED ENTRY--PERSONAL NAME | |
| Personal name | Center, Elizabeth M. |
| 700 1# - ADDED ENTRY--PERSONAL NAME | |
| Personal name | Kistler, Henry B. |
| 906 ## - LOCAL DATA ELEMENT F, LDF (RLIN) | |
| a | 7 |
| b | cbc |
| c | orignew |
| d | 1 |
| e | ocip |
| f | 19 |
| g | y-gencatlg |
| 942 ## - ADDED ENTRY ELEMENTS (KOHA) | |
| Source of classification or shelving scheme | Dewey Decimal Classification |
| Koha item type | Circ Books |
| Withdrawn status | Lost status | Source of classification or shelving scheme | Damaged status | Not for loan | Home library | Current library | Date acquired | Total Checkouts | Full call number | Barcode | Date last seen | Price effective from | Koha item type |
|---|---|---|---|---|---|---|---|---|---|---|---|---|---|
| Dewey Decimal Classification | Wesley Powell Learning Resource Centre | Wesley Powell Learning Resource Centre | 02/11/2016 | 596.04/ VER | 8053 | 02/11/2016 | 02/11/2016 | Circ Books | |||||
| Dewey Decimal Classification | Wesley Powell Learning Resource Centre | Wesley Powell Learning Resource Centre | 02/11/2016 | 596.04 | 02/11/2016 | 02/11/2016 | Circ Books |